Software for numerical mathematics : proceedings of the Loughborough University of Technology Conference of the Institute of Mathematics and Its Applications held in April 1973 /
Guardado en:
| Autor Corporativo: | |
|---|---|
| Otros Autores: | |
| Formato: | Libro |
| Idioma: | English |
| Publicado: |
London ; New York :
Academic Press,
1974.
|
| Etiquetas: |
Agregar Etiqueta
Sin Etiquetas, Sea el primero en etiquetar este registro!
|
| LEADER | 00786cam a22001935a 4500 | ||
|---|---|---|---|
| 001 | MAT.inmabb002441 | ||
| 008 | 741025s1974####enka#####b####101#0#eng#d | ||
| 005 | 20170425164426.0 | ||
| 245 | 0 | 0 | |a Software for numerical mathematics : |b proceedings of the Loughborough University of Technology Conference of the Institute of Mathematics and Its Applications held in April 1973 / |c edited by D. J. Evans. |
| 260 | |a London ; |a New York : |b Academic Press, |c 1974. | ||
| 300 | |a xi, 451 p. : |b il. ; |c 24 cm. | ||
| 504 | |a Incluye referencias bibliográficas. | ||
| 510 | 4 | |a MR, |c 50 #6095 | |
| 020 | |a 0122437500 | ||
| 700 | 1 | |a Evans, David J. |4 edt | |
| 710 | 2 | |a Institute of Mathematics and Its Applications. | |
| 084 | |a 65-06 (68-06) |2 MR | ||
| 010 | |a 73018998 | ||
| 859 | |h 65 |i SO681 |p A-4121 |b BIB. MATEMATICA | ||
